ՀՀ Գիտությունների ազգային ակադեմիայի հիմնարար գիտական գրադարան  =   Fundamental Scientific Library of NAS RA

Le grand quid illustré des animaux : (Record no. 209403)

MARC details
000 -LEADER
fixed length control field 00791nam a2200241 u 4500
001 - CONTROL NUMBER
control field 000548069
003 - CONTROL NUMBER IDENTIFIER
control field AM-YeHGA
005 - DATE AND TIME OF LATEST TRANSACTION
control field 20250617135909.0
008 - FIXED-LENGTH DATA ELEMENTS--GENERAL INFORMATION
fixed length control field 070822s1980 fr r 000 0 fre d
020 ## - INTERNATIONAL STANDARD BOOK NUMBER
Canceled/invalid ISBN 2221300806
040 ## - CATALOGING SOURCE
Original cataloging agency AM-YeHGA
041 0# - LANGUAGE CODE
Language code of text/sound track or separate title fre
090 ## - LOCALLY ASSIGNED LC-TYPE CALL NUMBER (OCLC); LOCAL CALL NUMBER (RLIN)
-- 210909
245 03 - TITLE STATEMENT
Title Le grand quid illustré des animaux :
Remainder of title Une aventure de 600 millions d'années /
Statement of responsibility, etc. [Production : Michèle Frémy ; Assistee de Beatrice de Boisanger ; Gen. ed.: Guy Schoeller].
260 ## - PUBLICATION, DISTRIBUTION, ETC.
Place of publication, distribution, etc. Paris :
Name of publisher, distributor, etc. Robert Laffont,
Date of publication, distribution, etc. 1980.
300 ## - PHYSICAL DESCRIPTION
Extent 164 p. :
Other physical details col. ill. ;
Dimensions 30 cm.
500 ## - GENERAL NOTE
General note Includes index
650 14 - SUBJECT ADDED ENTRY--TOPICAL TERM
Topical term or geographic name entry element Animals
650 14 - SUBJECT ADDED ENTRY--TOPICAL TERM
Topical term or geographic name entry element Encyclopedias and dictionaries, French.
700 1# - ADDED ENTRY--PERSONAL NAME
Personal name Frémy, Michèle
Relationship pbl
700 1# - ADDED ENTRY--PERSONAL NAME
Personal name Boisanger, Beatrice de
Relationship pbl
700 1# - ADDED ENTRY--PERSONAL NAME
Personal name Schoeller, Guy
Relationship edt
Holdings
Withdrawn status Lost status Source of classification or shelving scheme Damaged status Not for loan Collection Home library Current library Date acquired Total checkouts Full call number Barcode Date last seen Price effective from Koha item type Public note
    Universal Decimal Classification     Gulbenkian Individual Collection Fundamental Scientific Library Fundamental Scientific Library 28/12/2016   Gulb/5410 901005410 28/12/2016 28/12/2016 Գրքեր / Books ILL Non-Circ.


ՀՀ ԳԱԱ հիմնարար գիտական գրադարան
ՀՀ,Երևան 0019
Մարշալ Բաղրամյան 24/6
հեռախոս:(374-10) 52-47-50
Հետադարձ կապ

All site content, except where otherwise noted, is licensed under a
Creative Commons License